Microeconomics With Spreadsheets (Record no. 43430)

MARC details
000 -LEADER
fixed length control field 00438nam a22001697a 4500
005 - DATE AND TIME OF LATEST TRANSACTION
control field 20250327102835.0
008 - FIXED-LENGTH DATA ELEMENTS--GENERAL INFORMATION
fixed length control field 250327b |||||||| |||| 00| 0 eng d
020 ## - INTERNATIONAL STANDARD BOOK NUMBER
International Standard Book Number 9780000991669
041 ## - LANGUAGE CODE
Language code of text/sound track or separate title Eng.
082 ## - DEWEY DECIMAL CLASSIFICATION NUMBER
Classification number 338.5028 BAS
100 ## - MAIN ENTRY--PERSONAL NAME
Author Basov, Suren
245 ## - TITLE STATEMENT
Title Microeconomics With Spreadsheets
260 ## - PUBLICATION, DISTRIBUTION, ETC.
Place Singapore
Publisher World Scientific Publishing
Publication Year 2024
300 ## - PHYSICAL DESCRIPTION
Extent 187;. P. 23 cm
650 ## - SUBJECT ADDED ENTRY--TOPICAL TERM
Subject Microeconomics
942 ## - ADDED ENTRY ELEMENTS (KOHA)
Koha item type Books
Holdings
Withdrawn status Lost status Source of classification or shelving scheme Damaged status Not for loan Home library Current library Shelving location Accession Date Vendor Price Bill number Total Checkouts Full call number Barcode No Date last seen Date last checked out Discount Bill Date Koha item type Suggested By
    Dewey Decimal Classification     IMTN IMTN Rack 10-B 03/24/2025 Raghav Books Private Limited 995.00 2374 2 338.5028 BAS 33721 07/21/2025 07/11/2025 30 02/14/2025 Books Dr. Veena Pailwar
Designed & Maintained by: LRC IMT Nagpur Contact: lrc@imtnag.ac.in© 2024. All Rights Reserved.